000 00599nam a2200205Ii 4500
001 2367
003 CO-ViMGA
008 241108s9999||||xx |||||||||||||| ||und||
020 _a958.33 01183
040 _aCO-ViMGA
_bspa
_erda
_cCO-ViMGA
041 0 _aspa
082 0 4 _a364.157 S87
245 1 0 _aSustancias psicoactivas:
_bHistoria del consumo en Colombia
264 1 _aBogotá, Colombia : Presencia, 1994
300 _avolumen
336 _atext
_btxt
_2rdacontent
337 _aunmediated
_bn
_2rdamedia
338 _avolume
_bnc
_2rdacarrier
940 _aidficha_siabuc: 2319. -- ficha_no_siabuc:2367
999 _c48099
_d48099